| 000 | 00686nam a2200181 i 4500 | ||
|---|---|---|---|
| 001 | 46521 | ||
| 003 | ES-MaACL | ||
| 005 | 20230906161411.0 | ||
| 007 | t| | ||
| 008 | 030331s1973 sp ||||1| spa d | ||
| 111 | 2 |
_aCongreso Nacional de Anatomía Patológica ( _n6º. _d1973. _cMurcia) _9511 |
|
| 245 | 1 | 0 |
_aVI Congreso Nacional de Anatomía Patológica _b: I Reunión conjunta con la Sociedad Española de Oncología. |
| 260 |
_aMurcia : _b[s.n., _c1973] ( _fImp. Nogués) |
||
| 300 |
_a77 p. con 1 lám. : _bil. ; _c19 cm. |
||
| 710 | 2 |
_aSociedad Española de Oncología. _96743 |
|
| 740 | 0 | _aSexto Congreso Nacional de Anatomía Patológica. | |
| 852 |
_aES-MaACL _jC-53670 _bR.86520 |
||
| 999 |
_c46521 _d46521 |
||